Carrers de la quadrícula de l'Eixample de Barcelona - Statistics

General Stats
  • This quiz has been taken 44 times
  • The average score is 42 of 132
Answers on the Map
Answers color-coded by a green-red scale on the quiz's map according to % correct below.
 
Answer Stats
Pla Cerdà Carrer % Correct
L Carrer d'Aragó
95%
24 Carrer d'Aribau
95%
26 Carrer de Balmes
89%
Ll Carrer del Consell de Cent
89%
J Carrer de Mallorca
89%
K Carrer de València
89%
G Carrer de Còrsega
84%
E Carrer de Londres
84%
F Carrer de París
84%
N Gran Via de les Corts Catalanes
84%
29 Passeig de Gràcia
84%
33 Carrer de Girona
79%
39 Carrer de Sardenya
79%
- Rambla de Catalunya
79%
M Carrer de la Diputació
74%
40 Carrer de la Marina
74%
H Carrer del Rosselló
74%
23 Carrer de Muntaner
74%
15 Carrer d'Entença
74%
I Carrer de Provença
74%
35 Passeig de Sant Joan
74%
16 Carrer de Rocafort
68%
38 Carrer de Sicília
68%
12 Carrer de Tarragona
68%
20 Carrer del Comte d'Urgell
63%
37 Carrer de Nàpols
58%
25 Carrer d'Enric Granados
58%
30 Carrer de Pau Claris
58%
E Carrer de Sant Antoni Maria Claret
58%
21 Carrer de Villarroel
58%
32 Carrer del Bruc
53%
31 Carrer de Roger de Llúria
53%
F Carrer de la Indústria
47%
45 Carrer del Dos de Maig
47%
43 Carrer de Los Castillejos
47%
36 Carrer de Roger de Flor
47%
50 Rambla del Poblenou
47%
34 Carrer de Bailèn
42%
52 Carrer de Bilbao
42%
46 Carrer de la Independència
42%
42 Carrer de Padilla
42%
18 Carrer de Viladomat
42%
55 Carrer de Bac de Roda
37%
D Carrer de Buenos Aires
37%
17 Carrer de Calàbria
37%
19 Carrer del Comte Borrell
37%
41 Carrer de Lepant
37%
35 Passeig de Lluís Companys
37%
L Rambla de Guipúscoa
37%
61 Carrer de Cantàbria
32%
22 Carrer de Casanova
32%
P Carrer de Floridablanca
32%
J Carrer de Menorca
32%
U Carrer de Pujades
32%
Q Carrer d'Alí Bei
26%
O Carrer de Casp
26%
49 Carrer de la Llacuna
26%
Q Carrer del Marroc
26%
13 Carrer de Nicaragua
26%
64 Rambla de Prim
26%
P Carrer d'Ausiàs Marc
21%
47 Carrer de la Ciutat de Granada
21%
52 Carrer de Las Navas de Tolosa
21%
S Carrer dels Almogàvers
21%
43 Carrer de Pamplona
21%
54 Carrer d'Espronceda
21%
Q Carrer de Tànger
21%
38 Carrer de Wellington
21%
44 Carrer de Cartagena
16%
55 Carrer de Felip II
16%
56 Carrer de Fluvià
16%
K Carrer de Huelva
16%
58 Carrer de la Selva de Mar
16%
13 Carrer de Llançà
16%
V Carrer de Llull
16%
O Carrer del Perú
16%
R Carrer de Manso
16%
57 Carrer de Provençals
16%
48 Carrer de Roc Boronat
16%
47 Carrer de Sant Quintí
16%
O Carrer de Sepúlveda
16%
S Carrer de Veneçuela
16%
14 Carrer de Vilamarí
16%
42 Carrer de Zamora
16%
34 Passeig de Picasso
16%
20 Ronda de Sant Pau
16%
44 Carrer d'Àlaba
11%
M Carrer d'Andrade
11%
45 Carrer d'Àvila
11%
53 Carrer de Biscaia
11%
P Carrer de Bolívia
11%
61 Carrer de Josep Pla
11%
47 Carrer de la Corunya
11%
60 Carrer de l'Agricultura
11%
Ll Carrer del Concili de Trento
11%
Y Carrer del Doctor Trueta
11%
63 Carrer del Maresme
11%
T Carrer del Marquès de Campo Sagrado
11%
S Carrer del Parlament
11%
59 Carrer del Treball
11%
I Carrer de Múrcia
11%
H Carrer de Palència
11%
T Carrer de Pallars
11%
62 Carrer de Puigcerdà
11%
X Carrer de Ramon Turró
11%
R Carrer de Sancho de Ávila
11%
Z Carrer de Villena
11%
56 Carrer d'Hondures
11%
U Passeig de Pujades
11%
R Avinguda de Vilanova
5%
U Carrer d'Aldana
5%
46 Carrer de Badajoz
5%
T Carrer de Buenaventura Muñoz
5%
51 Carrer de Castella
5%
57 Carrer de Costa Rica
5%
R Carrer de Cristóbal de Moura
5%
48 Carrer de Cuenca
5%
41 Carrer de Joan d'Àustria
5%
41 Carrer de Joan Miró
5%
G Carrer de Josep Estivill
5%
D Carrer de Juan de Garay
5%
57 Carrer de Julián Besteiro
5%
43 Carrer de l'Arquitecte Sert
5%
50 Carrer del Guinardó
5%
53 Carrer de Lope de Vega
5%
O Carrer del Paraguai
5%
48 Carrer dels Solsticis
5%
39 Carrer de Ramon Trias Fargas
5%
42 Carrer de Rosa Sensat
5%
Q Carrer de Tamarit
5%
51 Carrer de Trinxant
5%
C Carrer d'Olesa
5%
No matching quizzes found
Score Distribution
Percent of People with Each Score
Percentile by Number Answered
Your Score History
You have not taken this quiz